|
|
|
|
| LEADER |
01156nab#a2200289#ar4500 |
| 001 |
000073399 |
| 003 |
SVKKK |
| 005 |
19970922xxxxxxx. |
| 008 |
06 c xo huno |
| FMT |
|
|
|
| 038 |
|
|
|a SVKKK
|
| 040 |
|
|
|a SVKKK
|b slo
|e AACR2
|
| 041 |
0 |
|
|a hun
|
| 044 |
|
|
|a xo
|c SK
|
| 080 |
|
|
|a 792.7
|
| 242 |
1 |
0 |
|a Kabaret v Rožňavských kúpeľoch
|
| 245 |
0 |
0 |
|a Kabaré Rozsnyófürdőn
|
| 520 |
2 |
|
|a Informácie o programe kabaretného predstavenia, ktoré sa uskutoční 18.08.1912 v kúpeľoch Rožňava. Bude pozostávať z tieňového divadla, hudobných čísel, duetu B. a M. Kunových. Vo fraške s názvom "Kabaret § 26" sa predstavia Mariska Hokky a Juliska Kovács.
|
| 650 |
0 |
4 |
|a kabaret - kúpele, Rožňava - 18.08.1912 - divadlo tieňové - predstavenie divadelné - Gál, Štefan (autor frašky) - Szabó, Mikuláš ml. (umelec) - Popovics, Elza (klaviristka) - Mojses, Andrej (klavirista) - informácie
|
| 773 |
0 |
|
|t Sajó-Vidék : Vegyestartalmú hetilap
|g Roč. 15, č. 33 (15.08.1912) s. 3
|
| 957 |
|
|
|a Rožňava
|
| 958 |
|
|
|a DG
|
| 958 |
|
|
|a SK
|
| 974 |
|
|
|a ebl
|d 19970922
|
| 992 |
|
|
|a RBX
|
| BAS |
|
|
|
| 998 |
|
|
|a RETRO
|